Implementación de una metodología de debida diligencia técnica para edificaciones mayores a 1000 m2
Guardado en:
| Hovedforfatter: | |
|---|---|
| Andre forfattere: | |
| Format: | Bog |
| Sprog: | Spanish |
| Udgivet: |
[San José], Costa Rica,
2021
|
| Fag: | |
| Tags: |
Tilføj Tag
Ingen Tags, Vær først til at tagge denne postø!
|
MARC
| LEADER | 00000nam a2200000Ia 4500 | ||
|---|---|---|---|
| 003 | 013374 | ||
| 005 | 20230328101153.0 | ||
| 008 | 140116s2021 cr a 000 ||spa d | ||
| 040 | |c cru CEDI | ||
| 100 | |a Rodríguez Ugarte, Grace Yirlanny,1991- |9 108 | ||
| 245 | |a Implementación de una metodología de debida diligencia técnica para edificaciones mayores a 1000 m2 | ||
| 260 | |a [San José], Costa Rica, |c 2021 | ||
| 500 | |a Proyecto de graduación (licenciatura en ingeniería civil)--Universidad de Costa Rica. Facultad de Ingeniería. Escuela de Ingeniería Civil, | ||
| 501 | |a Director de Proyecto de Graduación: Ing. Berny Valverde Cubero | ||
| 610 | |x Constructora Costarricense S.A. | ||
| 650 | |x PROYECTOS DE CONSTRUCCION - EVALUACION |x CONSTRUCCION - INSPECCION - COSTA RICA - GUIAS |x EDIFICIOS ALTOS | ||
| 700 | |9 109 |a Valverde Cubero, Berny Rafael, 1969- |d Director del TFG | ||
| 942 | |c CEDI |h TFG 8525 |6 TFG_8525_000000000000000 | ||
| 999 | |c 21876 |d 21876 | ||
